Central Library OPAC University of Rajshahi

Political theory and institutions of the Khawārij / (Record no. 33197)

MARC details
000 -LEADER
fixed length control field 00707cam a2200253u 4500
001 - CONTROL NUMBER
control field 33197
003 - CONTROL NUMBER IDENTIFIER
rucl marc code BD-RjUL
005 - DATE AND TIME OF LATEST TRANSACTION
control field 20211209051950.0
008 - FIXED-LENGTH DATA ELEMENTS--GENERAL INFORMATION
fixed length control field 140430s1956 mdu 000 0 eng
035 ## - SYSTEM CONTROL NUMBER
System control number (BD-RjUL)33288
040 ## - CATALOGING SOURCE
Original cataloging agency DLC
Transcribing agency CarP
Modifying agency BD-RjUL
Language of cataloging eng
041 ## - LANGUAGE CODE
Language code of text/sound track or separate title eng
082 ## - DEWEY DECIMAL CLASSIFICATION NUMBER
Classification number 297.83
Author mark and year SAP 1956
100 1# - MAIN ENTRY--PERSONAL NAME
Personal name Salem, Elie Adib.
9 (RLIN) 100826
245 00 - TITLE STATEMENT
Title Political theory and institutions of the Khawārij /
260 ## - PUBLICATION, DISTRIBUTION, ETC. (IMPRINT)
Place of publication, distribution, etc. Baltimore :
Name of publisher, distributor, etc. Johns Hopkins Press,
Date of publication, distribution, etc. 1956.
300 ## - PHYSICAL DESCRIPTION
Pagination 117 p. :
Size 23 cm.
650 #0 - SUBJECT ADDED ENTRY--TOPICAL TERM
Topical term or geographic name as entry element Kharijites.
9 (RLIN) 100827
Topical term or geographic name as entry element State, The.
9 (RLIN) 100828
Topical term or geographic name as entry element Islamic sociology.
9 (RLIN) 5672
942 ## - ADDED ENTRY ELEMENTS (KOHA)
Source of classification or shelving scheme Dewey Decimal Classification
Koha item type Books
Holdings
Lost status Source of classification or shelving scheme Damaged status Not for loan Collection code Permanent Location Current Location Shelving location Date acquired Source of acquisition Cost, normal purchase price Total Checkouts Full call number Date last seen Copy number Koha item type
  Dewey Decimal Classification   Not For Loan Non-fiction Central Library, University of Rajshahi Central Library, University of Rajshahi Reading Room 26/11/1966 Mahmmad ASHRAF 15.00   297.83 SAP 1956 30/04/2014 C-1 Books